000
00304nam a22001337a 4500
008
171012b xxu||||| |||| 00| 0 eng d
020
_a
9780803610040
041
_a
eng
080
_a
316
100
_a
50
101
_a
SOC
245
_a
CARING FOR WOMEN CROSS CULTURAL
_c
HILL.P.S
942
_2
udc
_c
BK
999
_c
33458
_d
33458